Statistics for Monstercat Artists 2015-16

Click here to take the quiz!

General Stats

  • This quiz has been taken 64 times
    (28 since last reset)
  • The average score is 30 of 60

Answer Stats

Artist% Correct
Stonebank
88%
Tristam
88%
Au5
82%
Braken
82%
Pegboard Nerds
82%
Hellberg
76%
Rogue
76%
Stephen Walking
76%
Aero Chord
71%
Varien
71%
Feint
65%
Mr FijiWiji
65%
Muzzy
65%
Noisestorm
65%
Tut Tut Child
65%
7 Minutes Dead
59%
Hyper Potions
59%
Nitro Fun
59%
Protostar
59%
WRLD
59%
Direct
53%
Grabbitz
53%
Razihel
53%
Slips & Slurs (Slippy)
53%
Trivecta
53%
Draper
47%
F.O.O.L
47%
Grant Bowtie (Grant)
47%
Haywyre
47%
PIXL
47%
Puppet
47%
Rameses B
47%
Rich Edwards
47%
Summer Was Fun
47%
Televisor
47%
Vicetone
47%
Droptek
41%
Fractal
41%
Laszlo
41%
LVTHER
41%
Project 46
41%
Richard Caddock
41%
Soulero
41%
Astronaut
35%
Bustre
35%
Case & Point
35%
Eminence
35%
Going Quantum
35%
Karma Fields
35%
Krewella
35%
Pylot
35%
Rezonate
35%
Rootkit
35%
San Holo
35%
Snavs
35%
Deon Custom
29%
Nigel Good
29%
Savoy
24%
Volant
24%
Sound Remedy
12%

Score Distribution

Percentile by Number Answered

Percent of People with Each Score

Your Score History

You have not taken this quiz since the last reset